000 00239nam a22000977a 4500
999 _c67588
_d67585
100 _aState Bank Pakistan
245 _aThe Pomegranate Enter Prise
260 _aPakistan,
_bBanking Service Corporation:
_c2019.
300 _a146p.
942 _cBK